迎向光明 (Record no. 19484)
[ view plain ]
| 000 -LEADER | |
|---|---|
| fixed length control field | 00671nam a2200229Ia 4500 |
| 003 - CONTROL NUMBER IDENTIFIER | |
| control field | OSt |
| 005 - DATE AND TIME OF LATEST TRANSACTION | |
| control field | 20210407162705.0 |
| 008 - FIXED-LENGTH DATA ELEMENTS--GENERAL INFORMATION | |
| fixed length control field | 200825s9999||||xx |||||||||||||| ||und|| |
| 040 ## - CATALOGING SOURCE | |
| Transcribing agency | GETS |
| 041 ## - LANGUAGE CODE | |
| Language code of text/sound track or separate title | chi |
| 050 ## - LIBRARY OF CONGRESS CALL NUMBER | |
| Classification number | BV4832.2 |
| Item number | .N48 1975 |
| 100 ## - MAIN ENTRY--PERSONAL NAME | |
| Personal name | Newton, Joseph Fort |
| 245 #0 - TITLE STATEMENT | |
| Title | 迎向光明 |
| Remainder of title | / |
| Statement of responsibility, etc. | 紐頓 (Joseph Fort Newton) 著; 周增祥譯 |
| 246 ## - VARYING FORM OF TITLE | |
| Title proper/short title | 迎向光明 |
| 260 ## - PUBLICATION, DISTRIBUTION, ETC. | |
| Place of publication, distribution, etc. | 臺北 : |
| Name of publisher, distributor, etc. | 基督教文藝出版社印行 |
| Date of publication, distribution, etc. | 1975 |
| 300 ## - PHYSICAL DESCRIPTION | |
| Extent | 8, 504 p. |
| Other physical details | ; |
| Dimensions | 19 cm. |
| 500 ## - GENERAL NOTE | |
| General note | Translation of: Every day religion and every day religious living. |
| 650 ## - SUBJECT ADDED ENTRY--TOPICAL TERM | |
| Topical term or geographic name entry element | Devotional Literature. |
| 700 ## - ADDED ENTRY--PERSONAL NAME | |
| Personal name | 周增祥 |
| 700 ## - ADDED ENTRY--PERSONAL NAME | |
| Personal name | 紐頓 |
| 942 ## - ADDED ENTRY ELEMENTS (KOHA) | |
| Koha item type | Chinese Book |
| Withdrawn status | Lost status | Damaged status | Not for loan | Home library | Current library | Shelving location | Date acquired | Total Checkouts | Full call number | Barcode | Date last seen | Price effective from | Koha item type |
|---|---|---|---|---|---|---|---|---|---|---|---|---|---|
| GETS Theological Seminary Library | GETS Theological Seminary Library | General Stacks | 08/25/2020 | BV4832.2 .N48 1975 | 00006906 | 08/25/2020 | 08/25/2020 | Chinese Book |